| 000 | 00607nam a22001457a 4500 | ||
|---|---|---|---|
| 022 | _a87-7247-430-0 | ||
| 082 |
_a200 _bALE/F |
||
| 100 | _aALEX, BEN | ||
| 245 | _aFRANCIS OF ASSISI | ||
| 260 |
_aDENMARK _bSCANDIVANIA PUBLISHING HOUSE _c1996 |
||
| 300 | _a48 | ||
| 520 | _aFRANCIS OF ASSISI WAS THE SON OF A WEALTHY ITALIAN MERCHANT. AS A YOUNG MAN, HE RENOUNCED HS INHERITENCE IN ORDER TO FOLLOW CHRIST AND LIVE IN POVERTY FOR REST OF HIS LIFE. FRANCIS IS ONE OF THE GREATEST ROLE MODELS FOR FOLLOWING CHRIST - A BEAUTIFUL EXAMPLE OF TRUST AND EARTHLY FAITH. | ||
| 650 |
_aRELIGIOUS _zDENMARK |
||
| 942 | _cBK | ||
| 999 |
_c5176 _d5176 |
||